General Knowledge Scramble #142 - Statistics

General Stats
  • This quiz has been taken 41 times
  • The average score is 5 of 11
Answer Stats
Hint Answer % Correct
Most populous city of Turkey Istanbul
85%
Country bordering Thailand and Cambodia Laos
78%
Capital of a sovereign state that is attempting to be independent from China Taipei City
68%
The title Mary received after being impregnated by the Holy Spirirt Virgin Mary
63%
Second largest species of the deer family, growing to 1.5m at the shoulder Elk
45%
Where biologist and mathematician Gregor Mendel is from Austria
40%
A sentence worded so as to elicit information from someone Question
40%
Differential survival and reproduction of individuals due to differences in phenotype Natural Selection
30%
Usually slow composition often for a piano solo, also called 'night piece' Nocturne
30%
Passing direct current through an ion-conducting solution, producing a chemical charge at the electrodes Electrolysis
28%
Code Word (Will you be my) Valentine?
13%
No matching quizzes found
Score Distribution
Percent of People with Each Score
Percentile by Number Answered
Your Score History
You have not taken this quiz